Statistics for Alla bibelns böcker

Click here to take the quiz!

General Stats

  • This quiz has been taken 55 times
  • The average score is 35 of 77

Answer Stats

HintAnswer% Correct
2Andra Moseboken
91%
4Fjärde Moseboken
91%
1Första Moseboken
91%
5Femte Moseboken
82%
54Johannesevangeliet
82%
51Matteusevangeliet
82%
3Tredje Moseboken
82%
17Ester
73%
53Lukasevangeliet
73%
52Markusevangeliet
73%
19Psaltaren
73%
56Romarbrevet
73%
8Rut
73%
14Andra Krönikeboken
64%
12Andra Kungaboken
64%
10Andra Samuelsboken
64%
55Apostlagärningarna
64%
13Första Krönikeboken
64%
11Första Kungaboken
64%
9Första Samuelsboken
64%
23Jesaja
64%
6Josua
64%
20Ordspråksboken
64%
72Andra Petrusbrevet
55%
7Domarboken
55%
15Esra
55%
71Första Petrusbrevet
55%
26Hesekiel
55%
67Titusbrevet
55%
78Uppenbarelseboken
55%
61Filipperbrevet
45%
59Galaterbrevet
45%
22Höga Visan
45%
28Hosea
45%
24Jeremia
45%
18Job
45%
39Malaki
45%
16Nehemja
45%
21Predikaren
45%
30Amos
36%
58Andra Korinthierbrevet
36%
64Andra Thessalonikerbrevet
36%
27Daniel
36%
68Filemonbrevet
36%
57Första Korinthierbrevet
36%
63Första Thessalonikerbrevet
36%
69Hebreerbrevet
36%
32Jona
36%
76Judasbrevet
36%
41Judit
36%
25Klagovisorna
36%
50Manasses bön
36%
33Mika
36%
31Obadja
36%
38Sakarja
36%
49Tillägg till Daniel
36%
60Efesierbrevet
27%
37Haggaj
27%
46Jesus syraks vishet
27%
29Joel
27%
45Salomos vishet
27%
36Sefanja
27%
40Tobit
27%
74Andra Johannesbrevet
18%
44Andra Mackabeerboken
18%
66Andra Timotheosbrevet
18%
47Baruk
18%
42Ester enligt den grekiska texten
18%
73Första Johannesbrevet
18%
43Första Mackabeerboken
18%
65Första Timotheosbrevet
18%
35Habackuk
18%
70Jakobsbrevet
18%
48Jeremias brev
18%
62Kolosserbrevet
18%
75Tredje Johannesbrevet
18%
34Nahum
9%

Score Distribution

Percentile by Number Answered

Percent of People with Each Score

Your Score History

You have not taken this quiz